Book Review: Political Map of France at the Turn of the First Decade of the 21st Century
Recenzia na monografiu, ktorá sa zaoberá základnými princípmi francúzskej zahraničnej a bezpečnostnej politiky Nicolasa Sarkozyho.
Salvato in:
| Autore principale: | |
|---|---|
| Natura: | Capitolo di libro |
| Lingua: | inglese |
| Soggetti: | |
| Tags: |
Nessun Tag, puoi essere il primo ad aggiungerne!!
|
MARC
| LEADER | 00000naa a2200000 4500 | ||
|---|---|---|---|
| 001 | 0247491 | ||
| 005 | 20240502073948.7 | ||
| 041 | 0 | |a eng | |
| 044 | |a SK | ||
| 245 | 1 | 0 | |a Book Review: Political Map of France at the Turn of the First Decade of the 21st Century |c Ľudmila Lipková |
| 520 | |a Recenzia na monografiu, ktorá sa zaoberá základnými princípmi francúzskej zahraničnej a bezpečnostnej politiky Nicolasa Sarkozyho. | ||
| 610 | 2 | 0 | |a politika medzinárodná |
| 610 | 2 | 0 | |a politika zahraničná |
| 610 | 2 | 0 | |a politika bezpečnostná |
| 610 | 2 | 0 | |a Francúzsko |
| 610 | 2 | 0 | |a recenzie |
| 100 | 1 | |a Lipková, Ľudmila | |